Взаимодействие личности, общества и образования в современных социокультурных условиях (Запись № 1249754)

Подробности
000 -МАРКЕР
контрольное поле 02579nam0a2200337 4500
001 - ИДЕНТИФИКАТОР ЗАПИСИ
контрольное поле RU\NLR\bibl\1413596
005 - ИДЕНТИФИКАТОР ВЕРСИИ
контрольное поле 20260607053107.0
010 ## - МЕЖДУНАРОДНЫЙ СТАНДАРТНЫЙ НОМЕР КНИГИ (ISBN)
Номер (ISBN) 978-5-91143-509-7
Тираж 500
021 ## - НОМЕР ГОСУДАРСТВЕННОЙ РЕГИСТРАЦИИ
Код страны Российская Федерация
Номер 2009-55539
Номер Листа государственной регистраци 3423
035 ## - ДРУГИЕ СИСТЕМНЫЕ НОМЕРА
Идентификатор записи (NLR Aleph) 001405569
100 ## - ДАННЫЕ ОБЩЕЙ ОБРАБОТКИ
Данные общей обработки 20090917d2009 |||y0rusy50 ca
101 0# - ЯЗЫК РЕСУРСА
Язык текста, звукозаписи и т.д. русский
102 ## - СТРАНА ПУБЛИКАЦИИ ИЛИ ПРОИЗВОДСТВА
Страна публикации Российская Федерация
105 ## - ПОЛЕ КОДИРОВАННЫХ ДАННЫХ: ТЕКСТОВЫЕ МАТЕРИАЛЫ, МОНОГРАФИЧЕСКИЕ
Кодированные данные о монографическом текстовом документе a |||||||||
200 1# - ЗАГЛАВИЕ И СВЕДЕНИЯ ОБ ОТВЕТСТВЕННОСТИ
Основное заглавие Взаимодействие личности, общества и образования в современных социокультурных условиях
Сведения, относящиеся к заглавию межвузовский сборник научных трудов
-- [материалы XII ежегодной Международной научно-практической конференции "Личность. Общество. Образование", (20-21 мая 2009, г. Санкт-Петербург, ЛОИРО)
Первые сведения об ответственности редкол.: к. ист. н., проф. С.А. Лисицын (пред.), к. пед. н., доц. З.Г. Найденова
Последующие сведения об ответственности сост.: З.Г. Найденова]
210 ## - ПУБЛИКАЦИЯ, РАСПРОСТРАНЕНИЕ И ДР.
Место издания, распространения и т.д. Санкт-Петербург
Имя издателя, распространителя и т. д. Ленинградский областной институт развития образования
Дата издания, распространения и т.д. 2009
215 ## - ФИЗИЧЕСКАЯ ХАРАКТЕРИСТИКА
Специфическое обозначение материала и объем 399 с.
Другие сведения о физической характеристике ил.
Размеры 20
300 ## - ОБЩИЕ ПРИМЕЧАНИЯ
Текст примечания В надзаг.: Ассоц. "Унив. образоват. округ Санкт-Петербурга и Ленинград. обл.", Ленинград. обл. ин-т развития образования, Рос. гос. пед. ун-т им. А.И. Герцена
320 ## - ПРИМЕЧАНИЯ О НАЛИЧИИ В ДОКУМЕНТЕ БИБЛИОГРАФИИ / УКАЗАТЕЛЯ
Текст примечания Библиогр. в конце докл.
606 1# - НАИМЕНОВАНИЕ ТЕМЫ КАК ПРЕДМЕТ
Наименование темы Образование
Формальный подзаголовок Съезды, совещания и т.п.
Географический подзаголовок Российская Федерация
Системный номер авторитетной/нормативной записи 2296847
Идентификатор авторитетной/нормативной записи RU\NLR\auth\661375304
686 ## - ИНДЕКСЫ ДРУГИХ КЛАССИФИКАЦИЙ
Индекс Ч34(2Р)я431
702 #1 - ИМЯ ЛИЦА - ВТОРИЧНАЯ ОТВЕТСТВЕННОСТЬ
Начальный элемент ввода Найденова
Часть имени, кроме начального элемента ввода З. Г.
Расширение инициалов личного имени Зоя Георгиевна
Код отношения Составитель
702 #1 - ИМЯ ЛИЦА - ВТОРИЧНАЯ ОТВЕТСТВЕННОСТЬ
Код отношения Редактор
Графика поля Кириллица
Материалы, к которым относится поле rus
Начальный элемент ввода Лисицын
Часть имени, кроме начального элемента ввода С. А.
Дополнения к именам, кроме дат канд. ист. наук
Расширение инициалов личного имени Сергей Александрович
Системный номер авторитетной/нормативной записи 15068
Идентификатор авторитетной/нормативной записи RU\NLR\auth\7732058
711 12 - НАИМЕНОВАНИЕ ОРГАНИЗАЦИИ - АЛЬТЕРНАТИВНАЯ ОТВЕТСТВЕННОСТЬ
Начальный элемент ввода "Личность. Общество. Образование", международная научно-практическая конференция
Порядковый номер временной организации и / или порядковый номер ее части 12
Место проведения временной организации Санкт-Петербург
Дата проведения временной организации 2009
Системный номер авторитетной/нормативной записи 770738
Идентификатор авторитетной/нормативной записи RU\NLR\AUTH\8810137666
712 02 - НАИМЕНОВАНИЕ ОРГАНИЗАЦИИ - ВТОРИЧНАЯ ОТВЕТСТВЕННОСТЬ
Код отношения Прочие
Начальный элемент ввода Ленинградский областной институт развития образования
Идентифицирующий признак Санкт-Петербург
Системный номер авторитетной/нормативной записи 462050
Идентификатор авторитетной/нормативной записи RU\NLR\AUTH\889983074
801 #0 - ИСТОЧНИК ЗАПИСИ
Страна Российская Федерация
Организация NLR
Дата составления 20090917
Правила каталогизации RCR
801 #1 - ИСТОЧНИК ЗАПИСИ
Страна Российская Федерация
Организация NLR
Дата составления 20090917
942 ## - ДОПОЛНИТЕЛЬНЫЕ ЭЛЕМЕНТЫ ЗАПИСИ (АБИС)
Тип экземпляра АБИС Книга
980 ## - КОЛЛЕКЦИЯ
Название коллекции Национальная библиография
Экземпляры
Тип экземпляра Дата поступления Источник поступления Библиотека постоянного хранения Библиотека текущего хранения Место хранения Шифр хранения Штрих-код Статус экземпляра
Книга 17.09.2009 Обязательный экземпляр РНБ (Московский) РНБ (Московский) Русский книжный фонд: издания с 1957 года 2009-3/29102 2995999  
Книга 17.09.2009 Обязательный экземпляр РНБ (Московский) РНБ (Московский) Русский книжный фонд: издания с 1957 года 2009-3/29102 2996001